Figuras de la historia /
Estudio sobre la representación de los hechos históricos en el cine y en la pintura. Jacques Rancière (1940), filósofo francés, escribe sus reflexiones con motivo de una exposición realizada en 1996 en el Centro Georges Pompidou de París, bajo el título Ante la historia.
Salvato in:
| Autore principale: | |
|---|---|
| Altri autori: | |
| Natura: | Libro |
| Lingua: | spagnolo |
| Pubblicazione: |
Buenos Aires, Argentina :
Eterna Cadencia,
2013, c2013
|
| Soggetti: | |
| Tags: |
Nessun Tag, puoi essere il primo ad aggiungerne!!
|
MARC
| LEADER | 00000nam^a2200000^a^4500 | ||
|---|---|---|---|
| 001 | 000402996 | ||
| 005 | 20250521000000.0 | ||
| 009 | 20260526143633.242 | ||
| 020 | |a 978-987-1673-87-2 | ||
| 037 | |a Acervo ITESO - Biblioteca | ||
| 041 | |a ESP | ||
| 082 | |a 701. 04 |b RAN | ||
| 100 | |a Rancière, Jacques |e (autor) | ||
| 245 | 1 | 0 | |a Figuras de la historia / |c J. Rancière ; tr. por Cecilia González. |
| 264 | 4 | |a Buenos Aires, Argentina : |b Eterna Cadencia, |c 2013, c2013 | |
| 300 | |a 85 p. | ||
| 336 | |a texto |b txt |2 rdacontenido | ||
| 337 | |a sin mediación |b n |2 rdamedio | ||
| 338 | |a volumen |b nc |2 rdasoporte | ||
| 500 | |a Traducción de: Figures de l'histoire | ||
| 520 | |a Estudio sobre la representación de los hechos históricos en el cine y en la pintura. Jacques Rancière (1940), filósofo francés, escribe sus reflexiones con motivo de una exposición realizada en 1996 en el Centro Georges Pompidou de París, bajo el título Ante la historia. | ||
| 521 | |a Peticiones 2018 | ||
| 649 | |a XX | ||
| 650 | |a Recepción y Apreciación del Arte - |x Tema Principal | ||
| 650 | |a Pintura - |x Historia y Crítica | ||
| 650 | |a Cine - |x Historia y Crítica | ||
| 650 | |a Representación Social | ||
| 650 | |a Historia - |x Tema Principal | ||
| 650 | |a Estética | ||
| 650 | |a Arte y Sociedad - |x Tema Principal | ||
| 700 | |a González, Cecilia |e (traducción) | ||
| 910 | |a Fondo General | ||
| 920 | |a Impresos - Libros | ||
| 930 | |a Colección General | ||
| 905 | |a 101 | ||
| 901 | |a 0500298311 |b IT1 |c ACC |i C159514 |u 20250521 | ||
| 902 | |a https://opac.biblio.iteso.mx/vufind/Record/000402996 | ||